00690nam a2200241 a 4500001001300000003000900013005001700022008004100039020001000080082001700090100002000107245002500127260004200152300000900194500003500203505001200238650003100250700002000281902000800301942000700309952011700316999001500433nice12345678IN_TiNIC20260116011527.0050524s1952 kara grp 000 0 eng  ac10000a340.59bFAR1 aFaruki, Kemal A aIslamic Constitution aKarachibKhokhrapar Gateway Pubc1952 a146p aincludes index and biblioraphy2 ano. 643 aIslamic-Law Constitutional1 aFaruki, Kemal A bSRS cBK 001040708StackRoom-aHMIbHMId2007-05-02g100.00l0o340.59 FAR1p02148r2007-05-02v100.00w2005-05-24yBK c2328d2328